| 000 | 00726nam a2200229 i 4500 | ||
|---|---|---|---|
| 999 |
_c200444593 _d62805 |
||
| 003 | TR-AnTOB | ||
| 005 | 20211025142413.0 | ||
| 007 | ta | ||
| 008 | 211025s1988 sz a 00| 0 eng d | ||
| 040 |
_aTR-AnTOB _beng _erda _cTR-AnTOB |
||
| 041 | 0 | _aeng | |
| 050 | 1 | _aH | |
| 099 | _a658.564 MAN 1988 | ||
| 245 | 0 | 0 |
_aManuel on the packaging of Fresh fruits and vegetables: _bspecial programme for export packaging/ _cInternational Trade Centre. |
| 264 | 1 |
_aGeneva: _bInternationl Trade Centre, _c1988. |
|
| 300 |
_a241 pages: _btables, illustrations; _c30 cm |
||
| 336 |
_2rdacontent _atext _btxt |
||
| 337 |
_2rdamedia _aunmediated _bn |
||
| 338 |
_2rdacarrier _avolume _bnc |
||
| 942 |
_2lcc _cBK |
||